00850nam a2200289Ia 4500001000700000003000500007008004100012010001100053040000900064082001600073100002400089245011800113260002900231300001000260440000500270500000500275503000500280650009200285650002200377901001600399902000600415910000900421942000600430942000700436999001900443952009800462Z_1175CHAP220113s1988 xx 000 0 und d a164260 cCHAP a636.0896 B4 aBell, John C911364 aThe zoonoses: infections transmitted from animals to men /cby John C. Bell, Stephen R. Palmer and Jack M. Payne aLondon :bArnold,c1988 a241 p a a a aAnimales como vectores de enfermedades I. Palmer, Sthepen R. II. Payne, Jack M.9138370 aZoonosis 9124194 a636.0896 B4 aA a1988 c1 cc1 c164260d164260 00102ddc40708GRALaZbZc1d2005-11-09pz_1181r2022-01-18 00:00:00t1w2022-01-18yLIBRO